| 000 | 00387nam a2200157Ia 4500 | ||
|---|---|---|---|
| 008 | 100122s9999 xx 000 0 und d | ||
| 082 |
_b53168 _aB823.08 |
||
| 100 | _aCHATURVEDI B K | ||
| 245 | _aTHE ARABIAN NIGHTS II | ||
| 250 | _a0 | ||
| 260 |
_bDIAMOND POCKET BOOKS _c1991 |
||
| 300 | _a47 | ||
| 630 | _aTHE ARABIAN NIGHTS II | ||
| 730 | _aTHE ARABIAN NIGHTS II | ||
| 942 | _cBOOK | ||
| 999 |
_c376026 _d376023 |
||